Absatzwirtschaft Zeitschrift für Marketing

Guardado en:
Detalles Bibliográficos
Formato: Seriadas
Lenguaje:alemán
Publicado: Düsseldorf Handelsblatt 1982
Etiquetas: Agregar Etiqueta
Sin Etiquetas, Sea el primero en etiquetar este registro!

MARC

LEADER 00000nas2a2200000 4500
001 s123068
005 20250730114213.9
041 0 |a ger 
044 |a DE 
245 1 0 |a Absatzwirtschaft  |b Zeitschrift für Marketing 
264 1 |a Düsseldorf  |b Handelsblatt  |c 1982 
300 |a 2 zv. 
773 0 |w eu_un_cat*s123071